000 00874nam a22003010a 4500
001 PT18353
003 AR-LpoUNG
005 20210131232808.0
008 191001s2003||||ag |||||||||||||||||spa d
020 _a9879545400
_c$7.54
040 _aAR-LpoUNG
_bspa
_cAR-LpoUNG
_eaacr
041 _aspa
044 _aag
082 0 _aA863 165com
100 1 _aBajo, Cristina
245 1 0 _aComo vivido cien veces
250 _a6§ ed.
260 _aCórdoba :
_bdel Boulevard,
_c2003.
300 _a407 p. :
_bfot.
520 _aFicción enmarcada en un cuadro de época. Relato de amores, celos, traiciones, muerte, alegrías y victorias, que transcurren en la época de las guerras civiles argentinas.
650 4 _aARGENTINA
650 4 _aHISTORIA SOCIAL
650 4 _aLITERATURA
650 4 _aNOVELAS
651 4 _aArgentina
905 _a18353
942 _cLIB
999 _c17560
_d17560